serun
ՀԱՅ ԳԻՐՔ = Armenian Book

Տնտեսական ընկերությունների լուծարման իրավական կարգավորման հիմնահարցերը Հայաստանի Հանրապետությունում / (Record no. 165954)

000 -LEADER
fixed length control field nam a22 a 4500
003 - CONTROL NUMBER IDENTIFIER
control field AM-YeNLA
005 - DATE AND TIME OF LATEST TRANSACTION
control field 20260302125313.0
007 - PHYSICAL DESCRIPTION FIXED FIELD--GENERAL INFORMATION
fixed length control field ta
008 - FIXED-LENGTH DATA ELEMENTS--GENERAL INFORMATION
fixed length control field 260302s2025 ai ||||fr|||||000|0|arm||
020 ## - INTERNATIONAL STANDARD BOOK NUMBER
International Standard Book Number 978-9939-887-60-9
040 ## - CATALOGING SOURCE
Language of cataloging arm
Transcribing agency AM-YeNLA
041 0# - LANGUAGE CODE
Language code of text/sound track or separate title arrm
100 1# - MAIN ENTRY--PERSONAL NAME
Personal name Սողոմոնյան, Աշխեն Մանվելի
245 10 - TITLE STATEMENT
Title Տնտեսական ընկերությունների լուծարման իրավական կարգավորման հիմնահարցերը Հայաստանի Հանրապետությունում /
Statement of responsibility, etc. Ա.Մ. Սողոմոնյան ; Խմբագիր և գրախոս՝ Ա. Հայկյանց ; Գրախոս՝ Վ. Ավետիսյան ; Երևանի պետական համալսարան.
260 ## - PUBLICATION, DISTRIBUTION, ETC. (IMPRINT)
Place of publication, distribution, etc. Երևան ։
Name of publisher, distributor, etc. «Հայրապետ»,
Date of publication, distribution, etc. 2025.
300 ## - PHYSICAL DESCRIPTION
Extent 239 էջ ;
Dimensions 20 սմ.
504 ## - BIBLIOGRAPHY, ETC. NOTE
Bibliography, etc Տողատակում՝ մատենագիտական ծանոթագրություններ։
504 ## - BIBLIOGRAPHY, ETC. NOTE
Bibliography, etc Գրականության և պրակտիկայի նյութերի ցանկ՝ էջ 214-239։
650 14 - SUBJECT ADDED ENTRY--TOPICAL TERM
Topical term or geographic name as entry element Հայաստանի Հանրապետություն
General subdivision Տնտեսական իրավունք
650 14 - SUBJECT ADDED ENTRY--TOPICAL TERM
Topical term or geographic name as entry element Հայաստանի Հանրապետություն
General subdivision Պետական հաստատություններ
700 1# - ADDED ENTRY--PERSONAL NAME
Personal name Հայկյանց, Ա.
Relator term խմբագիր
Relator code edt
Relator term գրախոս
Relator code rev
700 1# - ADDED ENTRY--PERSONAL NAME
Personal name Ավետիսյան, Վ.
Relator term գրախոս
Relator code rev
710 2# - ADDED ENTRY--CORPORATE NAME
Corporate name or jurisdiction name as entry element Երևանի պետական համալսարան
942 ## - ADDED ENTRY ELEMENTS (KOHA)
Source of classification or shelving scheme
Koha item type Books
Holdings
Withdrawn status Lost status Source of classification or shelving scheme Damaged status Not for loan Permanent Location Current Location Date acquired Inventory number Date last seen Price effective from Koha item type
          National Library of Armenia National Library of Armenia 2026-03-02 ՀԱԳ 2026-03-02 2026-03-02 Books

Հայաստանի ազգային գրադարան ՀՀ, 0009,Երևան, Տերյան 72
Հետադարձ կապ